000
00325nam a2200133Ia 4500
008
221030s9999 xx 000 0 und d
041
_a
English
082
_a
105.23
100
_a
S. K. Bhattacharya
245
0
_a
Accounting For Management - Text & Cases
_c
by S. K. Bhattacharya
260
_c
0
650
_a
B
942
_c
BK
999
_c
12225
_d
12225